Sociálny rozvoj a sociálna politika
Salvato in:
| Autore principale: | |
|---|---|
| Ente Autore: | |
| Altri autori: | , |
| Natura: | Libro |
| Lingua: | slovacco |
| Pubblicazione: |
Bratislava
VŠE
1992
|
| Edizione: | 1. vyd. |
| Soggetti: | |
| Tags: |
Nessun Tag, puoi essere il primo ad aggiungerne!!
|
MARC
| LEADER | 00000nam a2200000 4500 | ||
|---|---|---|---|
| 001 | c000764 | ||
| 005 | 20260325092832.1 | ||
| 020 | |a 80-225-0335-5 | ||
| 041 | 0 | |a slo | |
| 044 | |a SK | ||
| 245 | 1 | 0 | |a Sociálny rozvoj a sociálna politika |c Jozef Mihalik, Vojtech Stanek, Eva Rievajová |
| 250 | |a 1. vyd. | ||
| 264 | 1 | |a Bratislava |b VŠE |c 1992 | |
| 300 | |a 124 s. | ||
| 610 | 2 | 0 | |a rozvoj sociálny |
| 610 | 2 | 0 | |a politika sociálna |
| 610 | 2 | 0 | |a reformy hospodárske |
| 610 | 2 | 0 | |a zdravotníctvo |
| 610 | 2 | 0 | |a prostredie pracovné |
| 610 | 2 | 0 | |a Slovensko |
| 610 | 2 | 0 | |a poistenie nemocenské |
| 610 | 2 | 0 | |a zabezpečenie sociálne |
| 610 | 2 | 0 | |a rodina |
| 610 | 2 | 0 | |a prognózy sociálne |
| 610 | 2 | 0 | |a využitie počítačov |
| 100 | 1 | |a Mihalik, Jozef | |
| 700 | 1 | |a Stanek, Vojtech | |
| 700 | 1 | |a Rievajová, Eva | |
| 710 | 2 | |a Vysoká škola ekonomická v Bratislave. Národohospodárska fakulta | |